| 000 -LEADER | |
|---|---|
| fixed length control field | 03263cam a22003854a 4500 |
| 020 ## - INTERNATIONAL STANDARD BOOK NUMBER | |
| International Standard Book Number | 1592210392 |
| 020 ## - INTERNATIONAL STANDARD BOOK NUMBER | |
| International Standard Book Number | 1592210406 (pbk.) |
| 039 ## - LEVEL OF BIBLIOGRAPHIC CONTROL AND CODING DETAIL [OBSOLETE] | |
| Level of effort used to assign subject headings | TLC |
| 043 ## - GEOGRAPHIC AREA CODE | |
| Geographic area code | f------ |
| 245 00 - TITLE STATEMENT | |
| Title | Pawnship, slavery, and colonialism in Africa / |
| Statement of responsibility, etc. | edited by Paul E. Lovejoy and Toyin Falola. |
| 260 ## - PUBLICATION, DISTRIBUTION, ETC. | |
| Place of publication, distribution, etc. | Trenton, NJ : |
| Name of publisher, distributor, etc. | Africa World Press, |
| Date of publication, distribution, etc. | c2003. |
| 300 ## - PHYSICAL DESCRIPTION | |
| Extent | vi, 480 p. ; |
| Dimensions | 24 cm. |
| 504 ## - BIBLIOGRAPHY, ETC. NOTE | |
| Bibliography, etc. note | Includes bibliographical references (p. [449]-465) and index. |
| 650 #0 - SUBJECT ADDED ENTRY--TOPICAL TERM | |
| Topical subject | Peonage |
| Geographic subdivision | Africa |
| General subdivision | History. |
| 650 #0 - SUBJECT ADDED ENTRY--TOPICAL TERM | |
| Topical subject | Slavery |
| Geographic subdivision | Africa |
| General subdivision | History. |
| 700 1# - ADDED ENTRY--PERSONAL NAME | |
| Personal name | Lovejoy, Paul E. |
| 700 1# - ADDED ENTRY--PERSONAL NAME | |
| Personal name | Falola, Toyin. |
| 906 ## - LOCAL DATA ELEMENT F, LDF (RLIN) | |
| a | 7 |
| b | cbc |
| c | orignew |
| d | 1 |
| e | ecip |
| f | 20 |
| g | y-gencatlg |
| 925 0# - | |
| -- | acquire |
| -- | 2 shelf copies |
| -- | policy default |
| 949 ## - LOCAL PROCESSING INFORMATION (OCLC) | |
| a | BAFR |
| b | AFR |
| c | HD4875 |
| d | .A3 P39 2003 |
| g | 72698 |
| 5 | N |
| 955 ## - COPY-LEVEL INFORMATION (RLIN) | |
| -- | sd15 2002-10-18 |
| -- | sd06 2002-10-21 to Dewey |
| -- | sb31 2004-09-01 to BCCD copies 1-2 |
| 961 ## - | |
| -- | 42 |
| Withdrawn status | Lost status | Source of classification or shelving scheme | Damaged status | Not for loan | Home library | Current library | Shelving location | Date acquired | Total Checkouts | Full call number | Barcode | Date last seen | Price effective from | Koha item type |
|---|---|---|---|---|---|---|---|---|---|---|---|---|---|---|
| Library of Congress Classification | University of Eastern Africa, Baraton | Main Campus Library | 18.06.2019 | Afr HD 4875 .A3 P39 2003 | 72698 | 18.06.2019 | 18.06.2019 | Books |